书目信息 |
| 题名: |
托马斯·阿奎那情感理论研究
|
|
| 作者: | 黄超 著 | |
| 分册: | ||
| 出版信息: | 北京 人民出版社 2016 |
|
| 页数: | 18, 22, 236页 | |
| 开本: | 21cm | |
| 丛书名: | 经院哲学与宗教文化研究丛书 | |
| 单 册: | ||
| 中图分类: | B503.21 , B842.6 | |
| 科图分类: | ||
| 主题词: | ||
| 电子资源: | ||
| ISBN: | 978-7-01-016825-8 | |
| 000 | 01407nam0 22002891 450 | |
| 001 | 387816 | |
| 005 | 20170502165548.0 | |
| 010 | @a978-7-01-016825-8@dCNY45.00 | |
| 100 | @a20170411d2016 em y0chiy50 ea | |
| 101 | 0 | @achi@ceng |
| 102 | @aCN@b110000 | |
| 105 | @ay a 000yy | |
| 106 | @ar | |
| 200 | 1 | @a托马斯·阿奎那情感理论研究@9tuo ma si a kui na qing gan li lun yan jiu@d A study on Thomas Aquinas' theory of emotions@f黄超著@zeng |
| 210 | @a北京@c人民出版社@d2016 | |
| 215 | @a18, 22, 236页@d21cm | |
| 225 | 2 | @a经院哲学与宗教文化研究丛书@9jing yuan zhe xue yu zong jiao wen hua yan jiu cong shu |
| 320 | @a有书目 (第226-231页) | |
| 330 | @a本书内容:托马斯·阿奎那将人的认识能力与意欲能力紧密结合起来,指出没有认识就没有欲望,意志是理性意欲,情感是感性意欲。托马斯的情感理论认为:人的情感不同于动物的激情,在非理性的动物那里,激情的活动出自必然性,而不是出自自由的选择,但是,在人这里,在服从理性的范围内,情感分有某种自由。不仅如此,托马斯进一步指出,人的情感因“分有”理性,成为一种具有理性的能力,在此意义上,情感是伦理德行的主体。 | |
| 461 | 0 | @12001 @a经院哲学与宗教文化研究丛书 |
| 510 | 1 | @aStudy on Thomas Aquinas' theory of emotions@zeng |
| 600 | 1 | @a阿奎那@Aa kui na@g(Aquinas, Thomas),@f1225-1274@x情感@x理论研究 |
| 690 | @aB503.21@v5 | |
| 690 | @aB842.6@v5 | |
| 701 | 0 | @a黄超@9huang chao@4著 |
| 801 | 0 | @aCN@b百万庄@c20170308 |
| 905 | @b1004158-63@dB503.21@e90@f6 | |
| 托马斯·阿奎那情感理论研究= A study on Thomas Aquinas' theory of emotions/黄超著.-北京:人民出版社,2016 |
| 18, 22, 236页;21cm.-(经院哲学与宗教文化研究丛书) |
| ISBN 978-7-01-016825-8:CNY45.00 |
| 本书内容:托马斯·阿奎那将人的认识能力与意欲能力紧密结合起来,指出没有认识就没有欲望,意志是理性意欲,情感是感性意欲。托马斯的情感理论认为:人的情感不同于动物的激情,在非理性的动物那里,激情的活动出自必然性,而不是出自自由的选择,但是,在人这里,在服从理性的范围内,情感分有某种自由。不仅如此,托马斯进一步指出,人的情感因“分有”理性,成为一种具有理性的能力,在此意义上,情感是伦理德行的主体。 |
| ● |
| 相关链接 |
|
|
|
|
正题名:托马斯·阿奎那情感理论研究
索取号:B503.21/90
 
预约/预借
| 序号 | 登录号 | 条形码 | 馆藏地/架位号 | 状态 | 备注 |
| 1 | 1004158 | 210041587 | 第一样本阅览室/ [索取号:B503.21/90] | 在馆 | |
| 2 | 1004159 | 210041596 | 教育系资料室/ [索取号:B503.21/90] | 在馆 | |
| 3 | 1004160 | 210041603 | 教育系资料室/ [索取号:B503.21/90] | 在馆 | |
| 4 | 1004161 | 210041612 | 教育系资料室/ [索取号:B503.21/90] | 在馆 | |
| 5 | 1004162 | 210041621 | 第一借阅区/ [索取号:B503.21/90] | 在馆 | |
| 6 | 1004163 | 210041630 | 第一借阅区/ [索取号:B503.21/90] | 在馆 |